| 000 | 01267nam a2200313 i 4500 | ||
|---|---|---|---|
| 001 | bg | ||
| 003 | BPK | ||
| 005 | 20190725095257.0 | ||
| 008 | 980708s1995 pl a |001 0 pol | ||
| 015 | _aPB 438/96 | ||
| 020 | _a8301118946 | ||
| 040 |
_aWA N _cBPK |
||
| 041 | 1 |
_apol _heng |
|
| 080 | _a973 | ||
| 245 | 0 | 0 |
_aHistoria Stanów Zjednoczonych Ameryki. _nT. 3, _p1848-1917 / _cred. nauk. Walter Nugent, Halina Parafianowicz ; [aut.] Donna R. Gabaccia [et al. ; red. nauk. Andrzej Bartnicki, Donald T. Critchlow]. |
| 260 |
_aWarszawa : _bWydaw. Naukowe PWN, _c1995. |
||
| 300 |
_a385, [2] s., [32] s. tabl. : _bil., fot., mapy, portr. ; _c24 cm. |
||
| 500 | _aTekst częśc. tł. z ang. | ||
| 504 | _aBibliogr. przy rozdz. - Indeksy. | ||
| 651 | 4 |
_aStany Zjednoczone _y19-20 w. |
|
| 700 | 1 |
_aCritchlow, Donald T. _d(1948- ). _eRed. |
|
| 700 | 1 |
_aNugent, Walter T. K. _eRed. |
|
| 700 | 1 |
_aParafianowicz, Halina _d(1953- ). _eRed. |
|
| 700 | 1 |
_aGabaccia, Donna R. _d(1949- ). |
|
| 700 | 1 |
_aBartnicki, Andrzej _d(1933-2004). _eRedakcja |
|
| 710 | 2 |
_aWydawnictwo Naukowe PWN _4pbl. |
|
| 942 |
_2UKD _cKS |
||
| 856 |
_uhttp://koha.tu.koszalin.pl/cgi-bin/koha/opac-detail.pl?biblionumber=32413 _yKatalog online BPK |
||
| 999 |
_c32413 _d32413 |
||